LEADER 01977nam0 22003973i 450 001 LO10062352 005 20251003044206.0 010 $a8814028737 100 $a20130827d1991 ||||0itac50 ba 101 | $aita 102 $ait 181 1$6z01$ai $bxxxe 182 1$6z01$an 200 1 $aˆI ‰revisori negli enti locali$easpetti teorico-pratici della L. n. 142/90/ a cura del Centro nazionale di studi e ricerche sulle autonomie locali 210 $aMilano$cGiuffre$dc1991 215 $aXV, 840 p.$d23 cm 225 | $aCollana di studi$fConsiglio nazionale dei ragionieri e periti commerciali$v3 300 $aSegue: Appendice. 410 0$1001CFI0167663$12001 $aCollana di studi$fConsiglio nazionale dei ragionieri e periti commerciali$v3$171202$aConsiglio nazionale dei ragionieri e periti commerciali$3CFIV017331 606 $aEnti locali$xGestione$xControllo$2FIR$3CFIC059671$9E 676 $a352$9AMMINISTRAZIONI LOCALI$v20 676 $a352.1$9$v12 676 $a352.1$9LIVELLI DI GIURISDIZIONE AMMINISTRATIVA$v21 676 $a352.10945$9AMMINISTRAZIONI LOCALI. GESTIONE FINANZIARIA, GESTIONE DEL PATRIMONIO E SOGGETTI CONNESSI. ITALIA$v21 696 $aControlli$aVigilanza 699 $aControllo$zControlli 699 $aControllo$zVigilanza 712 02$aCentro nazionale di studi e ricerche sulle autonomie locali$3CFIV071784 801 3$aIT$bIT-000000$c20130827 850 $aIT-BN0095 901 $bNAP 01$cPOZZO LIB.$nVi sono collocati fondi di economia, periodici di ingegneria e scienze, periodici di economia e statistica e altri fondi comprendenti documenti di economia pervenuti in dono. 912 $aLO10062352 950 0$aBiblioteca Centralizzata di Ateneo$c1 v.$d 01POZZO LIB.ECON MON 9214$e 0101 0000087995E VMA 1 v. (precedente collocazione: GUERRAZZI B 324)$fB $h20071016$i20071016 977 $a 01 996 $aRevisori negli enti locali$963986 997 $aUNISANNIO LEADER 02409oas 2200889 a 450 001 9910219903803321 005 20251106213014.0 011 $a1552-3047 035 $a(DE-599)ZDB2026198-6 035 $a(OCoLC)41156073 035 $a(CONSER) 2004215726 035 $a(CKB)954925539170 035 $a(EXLCZ)99954925539170 100 $a19990413a19839999 sy a 101 0 $aeng 135 $aurcn||||||||| 181 $ctxt$2rdacontent 182 $cc$2rdamedia 183 $acr$2rdacarrier 200 10$aAdult education quarterly 210 $a[Washington, D.C.] $cAmerican Association for Adult and Continuing Education 210 3 $aThousand Oaks, CA $cSage Publications 215 $a1 online resource 300 $aRefereed/Peer-reviewed 300 $aIssued by: American Association for Adult and Continuing Education. 311 08$a0741-7136 517 1 $aAAACE adult education quarterly 517 3 $aAEQ 606 $aAdult education$vPeriodicals 606 $aAdult education$zUnited States$vPeriodicals 606 $aE?ducation des adultes$vPe?riodiques 606 $aE?ducation des adultes$zE?tats-Unis$vPe?riodiques 606 $aAdult education$2fast$3(OCoLC)fst00797275 607 $aUnited States$2fast$1https://id.oclc.org/worldcat/entity/E39PBJtxgQXMWqmjMjjwXRHgrq 608 $aPeriodicals.$2fast 608 $aPeriodicals.$2lcgft 615 0$aAdult education 615 0$aAdult education 615 6$aE?ducation des adultes 615 6$aE?ducation des adultes 615 7$aAdult education. 676 $a374/.973 712 02$aAmerican Association for Adult and Continuing Education, 801 0$bUV$ 801 1$bUV$ 801 2$bOCL 801 2$bEYM 801 2$bTXA 801 2$bOCLCQ 801 2$bNSD 801 2$bOCLCQ 801 2$bMUQ 801 2$bCFI 801 2$bTXA 801 2$bOCLCQ 801 2$bOCLCF 801 2$bOCLCO 801 2$bOCLCQ 801 2$bNLE 801 2$bAU@ 801 2$bUKMGB 801 2$bVT2 801 2$bDLC 801 2$bOCLCO 801 2$bOCLCQ 801 2$bREDDC 801 2$bUBY 801 2$bU3W 801 2$bOCLCL 801 2$bOCLCQ 801 2$bDLC 801 2$bOCLCL 801 2$bOCLCQ 906 $aJOURNAL 912 $a9910219903803321 996 $aAdult education quarterly$92132571 997 $aUNINA